Ponáhľať sa so splatením dlhu?
Zjednodušenie postupu pri splácaní úverov a tiež náklady s tým spojené. Mimoriadne splátky. Splácanie úveru úverom. Možnosť zmeny banky.
Guardado en:
| Autor principal: | |
|---|---|
| Formato: | Capítulo de libro |
| Lenguaje: | eslovaco |
| Materias: | |
| Etiquetas: |
Sin Etiquetas, Sea el primero en etiquetar este registro!
|
MARC
| LEADER | 00000nla a2200000 4500 | ||
|---|---|---|---|
| 001 | 0163607 | ||
| 005 | 20240502072838.8 | ||
| 041 | 0 | |a slo | |
| 044 | |a SK | ||
| 245 | 1 | 0 | |a Ponáhľať sa so splatením dlhu? |c Pavel Škriniar |
| 520 | |a Zjednodušenie postupu pri splácaní úverov a tiež náklady s tým spojené. Mimoriadne splátky. Splácanie úveru úverom. Možnosť zmeny banky. | ||
| 610 | 2 | 0 | |a hypotéky |
| 610 | 2 | 0 | |a úver |
| 610 | 2 | 0 | |a splátky |
| 610 | 2 | 0 | |a dlhy |
| 100 | 1 | |a Škriniar, Pavel, 1979- | |